000 00568nam a22001817a 4500
005 20240918132040.0
008 240918b |||||||| |||| 00| 0 eng d
020 _a9781776177929
041 _aEnglish
082 _a344.4 MIN
100 _lEnglish
245 _aMine Health and Safety in Namibia : A Compendium of Laws and Resources /
_cedited by L Rossouw
250 _a1st Edition
260 _aDurban:
_bLexisNexis (Pty) Ltd,
_c2024
300 _bv, 574 pages;
_c25 cm.
650 _aLegal practice
_bLaw
942 _cBK
_6ALISON_BN_VRIES
999 _c3044
_d3044